Statistics for Countries of Europe - No Hints

Click here to take the quiz!

General Stats

  • This quiz has been taken 166 times
  • The average score is 43 of 45

Answer Stats

Country% Correct
United Kingdom
100%
Ireland
99%
Norway
99%
Finland
98%
France
98%
Germany
98%
Greece
98%
Italy
98%
Poland
98%
Portugal
98%
Spain
98%
Sweden
98%
Switzerland
98%
Ukraine
98%
Bulgaria
97%
Denmark
97%
Iceland
97%
Slovakia
97%
Slovenia
97%
Belgium
96%
Hungary
96%
Latvia
96%
Montenegro
96%
Netherlands
96%
Romania
96%
Russia
96%
Vatican City
96%
Albania
95%
Belarus
95%
Estonia
95%
Monaco
95%
Andorra
94%
Austria
94%
Croatia
94%
Czech Republic
94%
Kosovo
94%
Liechtenstein
94%
Lithuania
94%
Luxembourg
94%
Serbia
94%
San Marino
93%
Malta
92%
Bosnia and Herzegovina
91%
Moldova
91%
Macedonia
88%

Score Distribution

Percentile by Number Answered

Percent of People with Each Score

Your Score History

You have not taken this quiz